000 00542cam a2200217 4500
001 M97307
008 090401t1998 xxu||||| |||| 00| 0 eng d
035 _a(Sirsi) u91982
041 _aeng
050 _a690.241
110 _aRoyal Institution of Chartered Surveyors
_94900
245 _aRICS awards 1998.
260 _aLondon
_bRICS
_c1998
300 _a23p. : ill. ; 30x30cm.
350 _a0
650 _aBUILDING CONSERVATION
650 _aABOUT RICS-RICS AWARDS
690 _aCONSERVATION
942 _n0
948 _c11/03/1999
999 _c97701
_d97701